000
00317nam a2200109Ia 4500
008
200302s9999 xx 000 0 und d
100
_a
Jonathan Coulson & Others
245
_a
University Planning and Architecture the Search for Perfection
260
_b
Routledge Taylor & Francis Group
260
_c
2011
300
_a
263
999
_c
5818
_d
5818